[Event "13. Hogeschool Zeeland Tournament"]
[Site "Vlissingen NED"]
[Date "2009.08.06"]
[Round "7.13"]
[White "Bezemer, Arno"]
[Black "Lalith, Babu M.R"]
[Result "1-0"]
[WhiteElo "2332"]
[BlackElo "2472"]
[PlyCount "63"]
[EventDate "2009.08.01"]
[EventType "swiss"]
[EventRounds "9"]
[EventCountry "NED"]
[Source "lmi"]
[SourceDate "2009.08.01"]

1. e4 c6 2. d4 d5 3. exd5 cxd5 4. c4 Nf6 5. Nc3 e6 6. Nf3 Bb4 7. cxd5 Nxd5 8.
Qc2 Nc6 9. Bd3 h6 10. O-O O-O 11. a3 Bxc3 12. bxc3 b6 13. c4 Nf6 14. Bb2 Bb7
15. Rad1 Rc8 16. Qe2 Re8 17. Rfe1 Qc7 18. Ne5 Nxe5 19. Qxe5 Ba6 20. Rc1 Red8
21. Qe3 Rd6 22. d5 Qd8 23. Be5 Ng4 24. Qe4 f5 25. Qf4 Nxe5 26. Rxe5 exd5 27.
Qxf5 dxc4 28. Qh7+ Kf7 29. Be2 Kf8 30. Re1 Rc5 31. Qh8+ Kf7 32. Bh5+ 1-0

[Event "13. Hogeschool Zeeland Tournament"]
[Site "Vlissingen NED"]
[Date "2009.08.06"]
[Round "7.14"]
[White "Tiggelman, Rene"]
[Black "Henrichs, Thomas"]
[Result "1/2-1/2"]
[WhiteElo "2250"]
[BlackElo "2463"]
[PlyCount "228"]
[EventDate "2009.08.01"]
[EventType "swiss"]
[EventRounds "9"]
[EventCountry "NED"]
[Source "lmi"]
[SourceDate "2009.08.01"]

1. d4 f5 2. g3 Nf6 3. Bg2 e6 4. c4 c6 5. Nh3 d6 6. Nc3 Be7 7. e4 e5 8. dxe5
dxe5 9. Qxd8+ Bxd8 10. O-O O-O 11. Re1 Bb6 12. Be3 Bxe3 13. fxe3 Na6 14. Rad1
Nc5 15. Nf2 a5 16. b3 Be6 17. Nd3 Nfd7 18. Nxc5 Nxc5 19. Bh3 f4 20. Bxe6+ Nxe6
21. exf4 exf4 22. gxf4 Rxf4 23. Rf1 Rg4+ 24. Kh1 Rf8 25. Rxf8+ Kxf8 26. Rd7 Nf4
27. Rd1 Nh3 28. Rf1+ Ke7 29. Na4 Kd6 30. Nc3 Ke5 31. Ne2 h5 32. Rf3 Ng5 33. Rf8
h4 34. Re8+ Kf6 35. Rf8+ Nf7 36. e5+ Ke7 37. Rb8 Nd8 38. h3 Re4 39. Ng1 Rxe5
40. Nf3 Re3 41. Kg2 Re2+ 42. Kg1 Rxa2 43. Nxh4 Rb2 44. Nf5+ Kd7 45. Nxg7 Rxb3
46. Kg2 a4 47. h4 Ne6 48. h5 Nf4+ 49. Kf2 Kc7 50. Ra8 b5 51. c5 Rh3 52. Rf8
Nxh5 53. Rf7+ Kb8 54. Ne6 a3 55. Nd4 a2 56. Nxc6+ Kc8 57. Ra7 Rh1 58. Ne7+ Kd8
59. c6 a1=Q 60. c7+ Kxe7 61. Rxa1 Rh2+ 62. Kf3 Kd7 63. Rb1 Kxc7 64. Rxb5 Nf6
65. Rf5 Nd7 66. Ke4 Kd6 67. Rd5+ Ke6 68. Rb5 Rh4+ 69. Ke3 Ne5 70. Rb8 Nc4+ 71.
Kd3 Nd6 72. Ra8 Rh3+ 73. Kd4 Nb5+ 74. Ke4 Rh4+ 75. Ke3 Kd5 76. Rd8+ Nd6 77. Ra8
Nf5+ 78. Kf3 Nd4+ 79. Ke3 Rh3+ 80. Kf4 Rf3+ 81. Kg4 Rf7 82. Rd8+ Ke5 83. Re8+
Ne6 84. Ra8 Ke4 85. Ra4+ Nd4 86. Kg5 Rf1 87. Kg6 Rf4 88. Kg5 Rf5+ 89. Kg6 Rb5
90. Kf6 Rd5 91. Kg6 Ke5 92. Kg5 Rb5 93. Ra8 Ne6+ 94. Kg4 Rb4+ 95. Kg3 Ng7 96.
Ra5+ Kf6 97. Kf3 Nf5 98. Ra6+ Kg5 99. Ra5 Rf4+ 100. Ke2 Kg4 101. Kd3 Kf3 102.
Rd5 Ng3 103. Rd8 Ne4 104. Kd4 Nd6+ 105. Kc3 Nb5+ 106. Kd3 Nc7 107. Rd6 Ne8 108.
Rd8 Nf6 109. Rd6 Ng4 110. Rd8 Ne5+ 111. Kd2 Rc4 112. Rh8 Rd4+ 113. Kc3 Rd3+
114. Kc2 Ke4 1/2-1/2

[Event "13. Hogeschool Zeeland Tournament"]
[Site "Vlissingen NED"]
[Date "2009.08.06"]
[Round "7.15"]
[White "Bosch, Jeroen"]
[Black "Litwak, Aleksej"]
[Result "1/2-1/2"]
[WhiteElo "2456"]
[BlackElo "2268"]
[PlyCount "52"]
[EventDate "2009.08.01"]
[EventType "swiss"]
[EventRounds "9"]
[EventCountry "NED"]
[Source "lmi"]
[SourceDate "2009.08.01"]

1. d4 Nf6 2. Nc3 d5 3. Bg5 Nbd7 4. Qd3 h6 5. Bh4 c6 6. Nf3 Qa5 7. Nd2 e6 8. Nb3
Qc7 9. Bg3 Bd6 10. Bxd6 Qxd6 11. e4 dxe4 12. Nxe4 Qf4 13. Ned2 O-O 14. g3 Qc7
15. Bg2 c5 16. O-O cxd4 17. Nxd4 Rd8 18. Nb5 Qb6 19. a4 Nc5 20. Qe2 Nxa4 21.
Rxa4 Bd7 22. c4 a6 23. Rfa1 Rac8 24. Nc3 Bxa4 25. Nxa4 Qb4 26. Nf1 Qxc4 1/2-1/2

[Event "13. Hogeschool Zeeland Tournament"]
[Site "Vlissingen NED"]
[Date "2009.08.06"]
[Round "7.16"]
[White "Roeder, Matthias"]
[Black "Heltzel, Joost"]
[Result "1/2-1/2"]
[WhiteElo "2438"]
[BlackElo "2262"]
[PlyCount "160"]
[EventDate "2009.08.01"]
[EventType "swiss"]
[EventRounds "9"]
[EventCountry "NED"]
[Source "lmi"]
[SourceDate "2009.08.01"]

1. Nf3 g6 2. c4 Bg7 3. d4 Nf6 4. Nc3 O-O 5. e4 d6 6. h3 e5 7. d5 Nh5 8. Nh2 Na6
9. g3 Qe8 10. Be2 Nf6 11. Ng4 Nd7 12. Nh6+ Kh8 13. g4 Nf6 14. h4 Ng8 15. Nxg8
Kxg8 16. h5 Qe7 17. Be3 g5 18. a3 h6 19. b4 c5 20. Rb1 b6 21. Kf1 Rd8 22. Kg2
Bf8 23. Qd3 Bd7 24. Rhc1 Be8 25. Bd1 Rdc8 26. f3 Qc7 27. Na2 Qd8 28. Bb3 Bg7
29. Qd1 Qd7 30. Nc3 Qd8 31. Ba2 Qe7 32. Bd2 Qd8 33. Ne2 Bd7 34. Ng3 Kh8 35. Nf1
Qe8 36. Bb3 Rc7 37. Ne3 Rac8 38. Qe2 Kh7 39. Qd3 Kh8 40. Nd1 Kg8 41. Nb2 Kh8
42. Qe2 Kg8 43. Qd1 Kh8 44. Nd3 Kg8 45. Be3 Kh8 46. bxc5 Nxc5 47. Bxc5 bxc5 48.
Bc2 Rb8 49. Rxb8 Qxb8 50. Rb1 Rb7 51. Rxb7 Qxb7 52. Ba4 Bc8 53. Qc2 Kg8 54. Kf1
Kf8 55. Ke2 Bf6 56. Bb5 a6 57. Bc6 Qb8 58. Nc1 Bd8 59. Nb3 Qb6 60. Qc3 Kg8 61.
Kd1 Kf8 62. Kc2 Kg8 63. Nd2 Qb8 64. Nb1 Qb6 65. Qa1 Kf8 66. Nd2 Qb8 67. Nb3 Qb6
68. Kb2 Kg8 69. Ka2 Kf8 70. Qe1 Kg8 71. Qc3 Kf8 72. a4 Kg8 73. a5 Qb8 74. Kb2
Kf8 75. Kc2 Kg8 76. Kb2 Kf8 77. Ka3 Kg8 78. Ka4 Kf8 79. Ka3 Kg8 80. Kb2 Kf8
1/2-1/2

[Event "13. Hogeschool Zeeland Tournament"]
[Site "Vlissingen NED"]
[Date "2009.08.06"]
[Round "7.17"]
[White "Kohlweyer, Bernd"]
[Black "Freeke, Matthieu"]
[Result "1-0"]
[WhiteElo "2418"]
[BlackElo "2264"]
[PlyCount "55"]
[EventDate "2009.08.01"]
[EventType "swiss"]
[EventRounds "9"]
[EventCountry "NED"]
[Source "lmi"]
[SourceDate "2009.08.01"]

1. d4 Nf6 2. c4 g6 3. Nc3 d5 4. cxd5 Nxd5 5. Bd2 Bg7 6. e4 Nb6 7. Be3 O-O 8. h3
Nc6 9. Nf3 f5 10. exf5 Bxf5 11. Qb3+ Kh8 12. d5 Ne5 13. Nxe5 Bxe5 14. Rd1 Qd6
15. Be2 a5 16. a3 a4 17. Qb5 Bd7 18. Qd3 Ra5 19. O-O e6 20. Ne4 Qxd5 21. Qb1
Qb3 22. Bxb6 Qxb6 23. Rxd7 Bxb2 24. Qd3 Rd5 25. Rxd5 exd5 26. Qxd5 Bxa3 27.
Qe5+ Kg8 28. Bc4+ 1-0

[Event "13. Hogeschool Zeeland Tournament"]
[Site "Vlissingen NED"]
[Date "2009.08.06"]
[Round "7.18"]
[White "De Jong, Migchiel"]
[Black "Shyam, Sundar M"]
[Result "1/2-1/2"]
[WhiteElo "2319"]
[BlackElo "2415"]
[PlyCount "89"]
[EventDate "2009.08.01"]
[EventType "swiss"]
[EventRounds "9"]
[EventCountry "NED"]
[Source "lmi"]
[SourceDate "2009.08.01"]

1. e4 e6 2. d4 d5 3. Bd3 dxe4 4. Bxe4 Nf6 5. Bf3 c5 6. Ne2 Nc6 7. Be3 cxd4 8.
Nxd4 Ne5 9. O-O a6 10. c4 Qc7 11. Be2 Bd7 12. Nd2 Rd8 13. h3 Bc5 14. Qc2 O-O
15. Rfd1 Qb6 16. Qb3 Ba4 17. Qxb6 Bxb6 18. N2b3 Rc8 19. Rac1 Rfd8 20. Nf5 exf5
21. Bxb6 Re8 22. Re1 Nxc4 23. Bd4 Bxb3 24. axb3 Nd2 25. Rxc8 Rxc8 26. Bxf6 gxf6
27. Bd3 Nxb3 28. Bxf5 Rc7 29. Rd1 Kg7 30. Rd3 Nc5 31. Rg3+ Kh8 32. Rc3 a5 33.
Kf1 Ne6 34. Rxc7 Nxc7 35. Ke2 Kg7 36. Kd3 h6 37. Ke4 b6 38. h4 Kf8 39. g4 Ke7
40. h5 Kd6 41. f4 Ke7 42. Bc8 Kf8 43. Bd7 Ke7 44. Bc8 Kf8 45. Bd7 1/2-1/2

[Event "13. Hogeschool Zeeland Tournament"]
[Site "Vlissingen NED"]
[Date "2009.08.06"]
[Round "7.20"]
[White "Rajesh, V A V."]
[Black "Bitalzadeh, Ali"]
[Result "1-0"]
[WhiteElo "2249"]
[BlackElo "2434"]
[PlyCount "85"]
[EventDate "2009.08.01"]
[EventType "swiss"]
[EventRounds "9"]
[EventCountry "NED"]
[Source "lmi"]
[SourceDate "2009.08.01"]

1. d4 Nf6 2. c4 g6 3. Nc3 Bg7 4. e4 d6 5. Nf3 O-O 6. Be2 e5 7. O-O Nc6 8. d5
Ne7 9. b4 a5 10. bxa5 Rxa5 11. Nd2 c5 12. dxc6 bxc6 13. Nb3 Ra8 14. a4 Qc7 15.
a5 Be6 16. Be3 Ne8 17. Na4 f5 18. Nb6 Rd8 19. c5 d5 20. a6 Qa7 21. exd5 cxd5
22. Bg5 Nf6 23. Na5 d4 24. Qc2 Kh8 25. Bc4 Bc8 26. Rfb1 h6 27. Bd2 d3 28. Bxd3
Bxa6 29. Bxa6 Qxa6 30. Nc6 Qe2 31. Nxd8 Rxd8 32. Ra2 f4 33. Ba5 Qg4 34. Nc4 Rd5
35. f3 Qe6 36. Rb6 Qc8 37. Bb4 Rxc5 38. Bxc5 Qxc5+ 39. Kh1 Nfd5 40. Ra8+ Kh7
41. Ra5 Qd4 42. Rd6 h5 43. Raxd5 1-0

[Event "13. Hogeschool Zeeland Tournament"]
[Site "Vlissingen NED"]
[Date "2009.08.06"]
[Round "7.21"]
[White "Van Haastert, Edwin"]
[Black "Privitera, Franco"]
[Result "1/2-1/2"]
[WhiteElo "2411"]
[BlackElo "2131"]
[PlyCount "111"]
[EventDate "2009.08.01"]
[EventType "swiss"]
[EventRounds "9"]
[EventCountry "NED"]
[Source "lmi"]
[SourceDate "2009.08.01"]

1. d4 d5 2. c4 e5 3. dxe5 d4 4. Nf3 Nc6 5. a3 a5 6. g3 Bc5 7. Bg2 Bf5 8. O-O
Nge7 9. Nbd2 Ba7 10. Ne1 Qd7 11. Nd3 Bh3 12. Nf3 Ng6 13. Qa4 Bxg2 14. Kxg2
Ncxe5 15. Qxd7+ Nxd7 16. b4 c5 17. bxc5 Nxc5 18. Rb1 O-O 19. Nxc5 Bxc5 20. Rxb7
Rfd8 21. Rd1 Nf8 22. Ne5 Ne6 23. Nxf7 Rdb8 24. Rxb8+ Rxb8 25. Ng5 Nxg5 26. Bxg5
Rb3 27. Rd3 Rxa3 28. Rxa3 Bxa3 29. Kf3 h6 30. Bd2 a4 31. Ke4 Bc5 32. Kd3 Kf7
33. e3 dxe3 34. Bxe3 Be7 35. Kc3 Ke6 36. Bd4 g6 37. f3 h5 38. Bb6 Kd6 39. Ba5
Kc6 40. Bb4 Bc5 41. g4 a3 42. Ba5 Bd6 43. gxh5 gxh5 44. h3 a2 45. Kb2 Kc5 46.
Kxa2 Kxc4 47. Bd8 Bf4 48. h4 Kd3 49. Kb3 Ke3 50. Kc3 Kxf3 51. Kd3 Bg3 52. Kd2
Bf2 53. Kd3 Kg4 54. Ke2 Bxh4 55. Bxh4 Kxh4 56. Kf2 1/2-1/2

[Event "13. Hogeschool Zeeland Tournament"]
[Site "Vlissingen NED"]
[Date "2009.08.06"]
[Round "7.22"]
[White "Sarrau, Jelle"]
[Black "In 't Veld, Rene"]
[Result "1-0"]
[WhiteElo "2229"]
[BlackElo "2099"]
[PlyCount "55"]
[EventDate "2009.08.01"]
[EventType "swiss"]
[EventRounds "9"]
[EventCountry "NED"]
[Source "lmi"]
[SourceDate "2009.08.01"]

1. Nf3 d5 2. c4 dxc4 3. e4 Be6 4. Ng5 Qd7 5. Nxe6 Qxe6 6. Qa4+ Nc6 7. Nc3 O-O-O
8. Bxc4 Qg6 9. O-O e6 10. d3 Bd6 11. h3 Qh5 12. Be3 g5 13. d4 Bf4 14. Be2 Qg6
15. d5 exd5 16. exd5 Ne5 17. Qxa7 Bxe3 18. Qxe3 f6 19. Rac1 Nh6 20. Nb5 Rd7 21.
d6 c6 22. Qa3 Rdd8 23. Qa8+ Kd7 24. Qxb7+ Ke6 25. Qe7+ Kf5 26. Bd3+ Nxd3 27.
Nd4+ Kf4 28. Qe3# 1-0

[Event "13. Hogeschool Zeeland Tournament"]
[Site "Vlissingen NED"]
[Date "2009.08.06"]
[Round "7.23"]
[White "Kahn, Michel"]
[Black "Timmermans, Ivo"]
[Result "1-0"]
[WhiteElo "2139"]
[BlackElo "2223"]
[PlyCount "63"]
[EventDate "2009.08.01"]
[EventType "swiss"]
[EventRounds "9"]
[EventCountry "NED"]
[Source "lmi"]
[SourceDate "2009.08.01"]

1. d4 d5 2. c4 c6 3. Nf3 Nf6 4. e3 e6 5. b3 Nbd7 6. Bb2 b6 7. Nbd2 Be7 8. Bd3
O-O 9. O-O Bb7 10. Qe2 Rc8 11. Ne5 Nxe5 12. dxe5 Nd7 13. Rad1 Re8 14. f4 f5 15.
g4 g6 16. Rf3 Kh8 17. Rg3 Rc7 18. Nf3 Nc5 19. gxf5 Nxd3 20. fxg6 Nxb2 21. Rh3
Bf8 22. Qxb2 Rg7 23. Ng5 Kg8 24. Rxh7 Ree7 25. Rh6 Qe8 26. Qc2 c5 27. Kf2 dxc4
28. Rg1 cxb3 29. axb3 Rd7 30. Rg3 Rxg6 31. Rxg6+ Bg7 32. Nxe6 1-0

[Event "13. Hogeschool Zeeland Tournament"]
[Site "Vlissingen NED"]
[Date "2009.08.06"]
[Round "7.24"]
[White "Duchene, Rene"]
[Black "Bielderman, Guy"]
[Result "1/2-1/2"]
[WhiteElo "2216"]
[BlackElo "2015"]
[PlyCount "51"]
[EventDate "2009.08.01"]
[EventType "swiss"]
[EventRounds "9"]
[EventCountry "NED"]
[Source "lmi"]
[SourceDate "2009.08.01"]

1. Nf3 Nf6 2. c4 c5 3. Nc3 g6 4. d4 cxd4 5. Nxd4 Nc6 6. g3 Bg7 7. Bg2 O-O 8.
O-O Nxd4 9. Qxd4 d6 10. Qd3 Bf5 11. e4 Be6 12. Bd2 Nd7 13. b3 Nc5 14. Qe2 a5
15. Rac1 Qd7 16. Rfe1 Rfe8 17. Be3 Rec8 18. Red1 Qe8 19. h3 a4 20. Bxc5 Rxc5
21. Nxa4 Rxa4 22. bxa4 Qxa4 23. Bf1 Bh6 24. Qc2 Qc6 25. f4 Qc8 26. Qd2 1/2-1/2

[Event "13. Hogeschool Zeeland Tournament"]
[Site "Vlissingen NED"]
[Date "2009.08.06"]
[Round "7.25"]
[White "Op den Dries, Johan"]
[Black "De Vos, Nils"]
[Result "0-1"]
[WhiteElo "2118"]
[BlackElo "2205"]
[PlyCount "66"]
[EventDate "2009.08.01"]
[EventType "swiss"]
[EventRounds "9"]
[EventCountry "NED"]
[Source "lmi"]
[SourceDate "2009.08.01"]

1. d4 Nf6 2. Bf4 d6 3. e3 g6 4. Be2 Bg7 5. h3 Nbd7 6. Nf3 b6 7. O-O Bb7 8. c4
O-O 9. Nc3 Re8 10. Bh2 e5 11. Nd2 exd4 12. exd4 Ne4 13. Nb3 Nxc3 14. bxc3 Nf6
15. Bf3 Ne4 16. Qd3 f5 17. Rfe1 Qh4 18. Bg3 Qg5 19. Nd2 d5 20. Bxc7 Nxd2 21.
Bxd5+ Bxd5 22. cxd5 Ne4 23. f3 Qd2 24. Qxd2 Nxd2 25. d6 Bf6 26. d7 Rxe1+ 27.
Rxe1 Kf7 28. a4 Nc4 29. Kf1 f4 30. g3 Ne3+ 31. Kf2 Nd5 32. Bxf4 Nxf4 33. gxf4
Bh4+ 0-1

[Event "13. Hogeschool Zeeland Tournament"]
[Site "Vlissingen NED"]
[Date "2009.08.06"]
[Round "7.26"]
[White "Kiran, Manisha Mohanty"]
[Black "Kahleys, Kevin"]
[Result "1/2-1/2"]
[WhiteElo "2203"]
[BlackElo "1986"]
[PlyCount "40"]
[EventDate "2009.08.01"]
[EventType "swiss"]
[EventRounds "9"]
[EventCountry "NED"]
[Source "lmi"]
[SourceDate "2009.08.01"]

1. e4 e6 2. d4 d5 3. Nc3 Nc6 4. e5 f6 5. exf6 Nxf6 6. Nf3 Bd6 7. Bd3 a6 8. Ne2
e5 9. dxe5 Nxe5 10. Nxe5 Bxe5 11. c3 O-O 12. Bg5 h6 13. Bh4 Qd6 14. Qc2 g5 15.
Bg3 Bxg3 16. hxg3 Ng4 17. Rf1 Nh2 18. Rh1 Ng4 19. Rf1 Nh2 20. Rh1 Ng4 1/2-1/2

[Event "13. Hogeschool Zeeland Tournament"]
[Site "Vlissingen NED"]
[Date "2009.08.06"]
[Round "7.28"]
[White "Van der Linde, Maurits"]
[Black "Galle, Andre"]
[Result "1-0"]
[WhiteElo "2171"]
[BlackElo "1983"]
[PlyCount "71"]
[EventDate "2009.08.01"]
[EventType "swiss"]
[EventRounds "9"]
[EventCountry "NED"]
[Source "lmi"]
[SourceDate "2009.08.01"]

1. e4 e6 2. d4 d5 3. Nd2 Nf6 4. e5 Nfd7 5. c3 c5 6. Bd3 Nc6 7. Ne2 cxd4 8. cxd4
f6 9. exf6 Nxf6 10. O-O Bd6 11. Nf3 O-O 12. Nc3 a6 13. Be3 Qc7 14. Rc1 Bd7 15.
Re1 Rae8 16. Ne5 Bxe5 17. dxe5 Qxe5 18. Bc5 Qg5 19. Bxf8 Rxf8 20. g3 e5 21.
Nxd5 Nd4 22. h4 Qh6 23. Be4 Nxe4 24. Rxe4 Nf3+ 25. Kg2 Qe6 26. Nf4 Rxf4 27.
Rxf4 exf4 28. Qxf3 fxg3 29. Qxg3 Bc6+ 30. Kh2 Qxa2 31. Qb8+ Kf7 32. Qc7+ Kf8
33. Qd6+ Kf7 34. Re1 h6 35. Re7+ Kg8 36. Qe5 1-0

[Event "13. Hogeschool Zeeland Tournament"]
[Site "Vlissingen NED"]
[Date "2009.08.06"]
[Round "7.29"]
[White "Foo, Benjamin"]
[Black "Leenaerts, Robin"]
[Result "1-0"]
[WhiteElo "2013"]
[BlackElo "2248"]
[PlyCount "87"]
[EventDate "2009.08.01"]
[EventType "swiss"]
[EventRounds "9"]
[EventCountry "NED"]
[Source "lmi"]
[SourceDate "2009.08.01"]

1. e4 c5 2. Nf3 Nc6 3. d4 cxd4 4. Nxd4 Nf6 5. Nc3 d6 6. Bg5 e6 7. Qd2 a6 8. Be2
h6 9. Bh4 Qb6 10. Nb3 Bd7 11. f3 Ne5 12. a4 Be7 13. a5 Qc7 14. O-O O-O 15. Rfd1
Nxe4 16. Nxe4 Bxh4 17. Qxd6 Qxd6 18. Nxd6 Rab8 19. f4 Ng6 20. Bf3 Bc6 21. Bxc6
bxc6 22. Nc5 Rxb2 23. Nxa6 Ra8 24. Nc7 Ra7 25. a6 Be7 26. Kf1 Bxd6 27. Rxd6 Ne7
28. Rd8+ Kh7 29. Rd7 Nd5 30. Nxe6 Ne3+ 31. Kg1 Rxd7 32. Nf8+ Kg8 33. Nxd7 Nd5
34. a7 Nc7 35. a8=Q+ Nxa8 36. Rxa8+ Kh7 37. Nf8+ Kg8 38. f5 g5 39. fxg6 fxg6
40. Nxg6+ Kg7 41. Ne5 Rxc2 42. Rc8 c5 43. Rc7+ Kf6 44. Rxc5 1-0

[Event "13. Hogeschool Zeeland Tournament"]
[Site "Vlissingen NED"]
[Date "2009.08.06"]
[Round "7.30"]
[White "Bottema, Martin"]
[Black "Kuipers, Stefan"]
[Result "0-1"]
[WhiteElo "2105"]
[BlackElo "2324"]
[PlyCount "109"]
[EventDate "2009.08.01"]
[EventType "swiss"]
[EventRounds "9"]
[EventCountry "NED"]
[Source "lmi"]
[SourceDate "2009.08.01"]

1. Nf3 Nf6 2. c4 c6 3. g3 d5 4. b3 Bf5 5. Bg2 e6 6. O-O Nbd7 7. Bb2 Be7 8. d3
h6 9. Na3 O-O 10. Nc2 Bh7 11. a3 a6 12. Rc1 Qb8 13. Na1 a5 14. Qd2 Rd8 15. Rb1
e5 16. cxd5 cxd5 17. Bc3 Qc7 18. Rfc1 Bxa3 19. Bxe5 Bxc1 20. Bxc7 Bxd2 21. Bxd8
Bc3 22. Bxf6 Nxf6 23. Rc1 Bb2 24. Rb1 Bc3 25. Rc1 Bb2 26. Rb1 Ba3 27. Nc2 Bc5
28. b4 axb4 29. Nxb4 Bf5 30. Nc2 b6 31. Nh4 Bh7 32. Nf3 Bf5 33. Nh4 Bh7 34. Nf3
g5 35. h3 Ra2 36. Rc1 Bf5 37. g4 Bd7 38. d4 Bd6 39. Ne5 Be6 40. e3 Ne4 41. Bf1
Nd2 42. Bg2 Rb2 43. Nd3 Rb3 44. Nce1 Nc4 45. Bf1 Kf8 46. Be2 Ke7 47. Bd1 Ra3
48. Rb1 Kd7 49. Nc1 Kc7 50. Nc2 Ra8 51. Nd3 f5 52. Ncb4 Bxb4 53. Nxb4 Kd6 54.
Kg2 Ra3 55. Be2 0-1

[Event "13. Hogeschool Zeeland Tournament"]
[Site "Vlissingen NED"]
[Date "2009.08.06"]
[Round "7.33"]
[White "Van Eijndhoven, Erik"]
[Black "Marcziter, Dmitrii"]
[Result "0-1"]
[WhiteElo "2076"]
[BlackElo "2238"]
[PlyCount "78"]
[EventDate "2009.08.01"]
[EventType "swiss"]
[EventRounds "9"]
[EventCountry "NED"]
[Source "lmi"]
[SourceDate "2009.08.01"]

1. d4 c5 2. Nf3 cxd4 3. Nxd4 d5 4. g3 Nf6 5. Bg2 e5 6. Nb3 h6 7. O-O Nc6 8. Be3
Be7 9. Bc5 Bxc5 10. Nxc5 Qb6 11. Nb3 a5 12. a4 Be6 13. N1d2 O-O 14. Ra3 d4 15.
Ne4 Nxe4 16. Bxe4 f5 17. Bd3 e4 18. Bb5 Rad8 19. Nd2 Ne5 20. b3 Qc5 21. Ra2 Bd5
22. Nc4 Bxc4 23. Bxc4+ Kh8 24. Bb5 f4 25. Qe1 fxg3 26. hxg3 Ng4 27. Kg2 Rf6 28.
Qxa5 Rdf8 29. f4 exf3+ 30. Rxf3 Qh5 31. Rxf6 Qh2+ 32. Kf3 Rxf6+ 33. Ke4 Qxg3
34. Qa8+ Kh7 35. e3 Qf3+ 36. Kxd4 Qxe3+ 37. Kd5 Qe5+ 38. Kc4 Rf4+ 39. Kd3 Qe3#
0-1

[Event "13. Hogeschool Zeeland Tournament"]
[Site "Vlissingen NED"]
[Date "2009.08.06"]
[Round "7.34"]
[White "Dek, Lennart"]
[Black "Schaeken, Yordi"]
[Result "1/2-1/2"]
[WhiteElo "2205"]
[BlackElo "2078"]
[PlyCount "98"]
[EventDate "2009.08.01"]
[EventType "swiss"]
[EventRounds "9"]
[EventCountry "NED"]
[Source "lmi"]
[SourceDate "2009.08.01"]

1. e4 c5 2. Nf3 d6 3. d4 cxd4 4. Nxd4 Nf6 5. Nc3 g6 6. Be3 Bg7 7. f3 a6 8. Qd2
b5 9. g4 h5 10. g5 Nfd7 11. a4 b4 12. Nd5 a5 13. Nb5 Na6 14. Bd4 O-O 15. Bxg7
Kxg7 16. O-O-O Nac5 17. b3 Bb7 18. Rg1 Ne5 19. Be2 Rc8 20. Kb2 Bxd5 21. Qxd5
Ne6 22. Qd2 Qb6 23. f4 Nd7 24. f5 Nec5 25. Qd4+ Ne5 26. f6+ exf6 27. gxf6+ Kxf6
28. Kb1 Ke7 29. Nxd6 Ncd7 30. Nxc8+ Rxc8 31. Bb5 Qxd4 32. Rxd4 Nf6 33. Rf1 Rc3
34. Kb2 Rh3 35. Rf2 Nfg4 36. Re2 Rxh2 37. Rxh2 Nxh2 38. Be2 Nhg4 39. Bxg4 hxg4
40. Rd2 f5 41. exf5 gxf5 42. c3 bxc3+ 43. Kxc3 g3 44. Re2 Kd6 45. Kd4 f4 46.
Rxe5 f3 47. Rd5+ Ke6 48. Re5+ Kd6 49. Rd5+ Ke6 1/2-1/2

[Event "13. Hogeschool Zeeland Tournament"]
[Site "Vlissingen NED"]
[Date "2009.08.06"]
[Round "7.35"]
[White "Reyniers, Pieter"]
[Black "Van Weersel, Arlette"]
[Result "0-1"]
[WhiteElo "2046"]
[BlackElo "2204"]
[PlyCount "86"]
[EventDate "2009.08.01"]
[EventType "swiss"]
[EventRounds "9"]
[EventCountry "NED"]
[Source "lmi"]
[SourceDate "2009.08.01"]

1. e4 e5 2. d4 exd4 3. Nf3 Nc6 4. c3 d3 5. Bxd3 d6 6. O-O Be7 7. Re1 Ne5 8.
Nxe5 dxe5 9. Bb5+ c6 10. Ba4 Qxd1 11. Rxd1 Nf6 12. Bc2 Bc5 13. h3 Be6 14. Bg5
Nd7 15. Nd2 f6 16. Bh4 h5 17. b4 Bb6 18. c4 Bd4 19. Rab1 g5 20. Bg3 h4 21. Bh2
g4 22. Kf1 gxh3 23. gxh3 Bxh3+ 24. Ke2 Rg8 25. Nb3 Bxf2 26. Rd3 Rg2 27. Rxh3
Bg3+ 28. Kf3 Rxh2 29. Rxh2 Bxh2 30. Kg4 Bg3 31. Rd1 O-O-O 32. Kf5 Bf4 33. Rh1
Rh8 34. Rh3 Bg5 35. Bd1 Kc7 36. Bg4 b6 37. Ke6 Rh7 38. Rd3 Nf8+ 39. Kf5 Rd7 40.
Rxd7+ Kxd7 41. Bh3 Ne6 42. a4 Nf4 43. Bg4 Nd3 0-1

[Event "13. Hogeschool Zeeland Tournament"]
[Site "Vlissingen NED"]
[Date "2009.08.06"]
[Round "7.36"]
[White "Van Hoeve, Ab"]
[Black "Meulblok, Willy"]
[Result "1-0"]
[WhiteElo "2198"]
[BlackElo "2051"]
[PlyCount "53"]
[EventDate "2009.08.01"]
[EventType "swiss"]
[EventRounds "9"]
[EventCountry "NED"]
[Source "lmi"]
[SourceDate "2009.08.01"]

1. e4 c5 2. Nc3 e6 3. g3 d5 4. exd5 exd5 5. Bg2 Nf6 6. d3 d4 7. Ne4 Be7 8. Ne2
Nc6 9. O-O O-O 10. Nf4 g6 11. Nxf6+ Bxf6 12. Nd5 Bg7 13. Bf4 Bh3 14. Bxh3 Qxd5
15. Bg2 Qd7 16. Qf3 Rfe8 17. a3 a5 18. Rfe1 Rxe1+ 19. Rxe1 Re8 20. Rxe8+ Qxe8
21. Qe4 Qc8 22. Qd5 Bf8 23. Qb3 Qd7 24. Qb5 Bd6 25. Bxd6 Qxd6 26. Qxb7 Ne7 27.
Qa8+ 1-0

[Event "13. Hogeschool Zeeland Tournament"]
[Site "Vlissingen NED"]
[Date "2009.08.06"]
[Round "7.37"]
[White "Van den Berg, Ad"]
[Black "Roggeveen, Wouter"]
[Result "1-0"]
[WhiteElo "2197"]
[BlackElo "2025"]
[PlyCount "101"]
[EventDate "2009.08.01"]
[EventType "swiss"]
[EventRounds "9"]
[EventCountry "NED"]
[Source "lmi"]
[SourceDate "2009.08.01"]

1. c4 e6 2. e4 d5 3. exd5 exd5 4. d4 Nc6 5. c5 g6 6. Bb5 Bg7 7. Ne2 Nge7 8. Bg5
f6 9. Bd2 a6 10. Ba4 O-O 11. O-O Nf5 12. Bxc6 bxc6 13. Ba5 Rb8 14. b3 Nh4 15.
Qd3 f5 16. f4 g5 17. g3 Ng6 18. fxg5 Re8 19. Nbc3 Qxg5 20. Bxc7 Re3 21. Qd1 Rb7
22. Bd6 Rf7 23. Rf4 Nxf4 24. Bxf4 Qe7 25. Qd2 Re6 26. Kg2 a5 27. Bd6 Qe8 28.
Nf4 Bh6 29. Rf1 Ba6 30. Rf2 Re3 31. Rf3 Rxf3 32. Kxf3 Rf6 33. Be5 Re6 34. Kf2
Bxf4 35. Qxf4 Qh5 36. h4 Bd3 37. Ke3 Be4 38. Qg5+ Qxg5+ 39. hxg5 Re7 40. Kf4
Kf7 41. Bd6 Rb7 42. Ke5 Kg6 43. Ke6 Kxg5 44. Be5 h5 45. Kd6 Rf7 46. Ne2 Bd3 47.
Nf4 Bb1 48. a3 Bc2 49. Kxc6 Bxb3 50. Kb5 Bc4+ 51. Kb6 1-0

[Event "13. Hogeschool Zeeland Tournament"]
[Site "Vlissingen NED"]
[Date "2009.08.06"]
[Round "7.39"]
[White "Meenu, Rajendran"]
[Black "In 't Veld, Daan"]
[Result "0-1"]
[WhiteElo "2003"]
[BlackElo "2173"]
[PlyCount "104"]
[EventDate "2009.08.01"]
[EventType "swiss"]
[EventRounds "9"]
[EventCountry "NED"]
[Source "lmi"]
[SourceDate "2009.08.01"]

1. e4 c5 2. Nc3 e6 3. f4 Nc6 4. Nf3 d5 5. Bb5 Nge7 6. d3 a6 7. Bxc6+ Nxc6 8.
O-O Be7 9. Kh1 O-O 10. Qe1 b5 11. Ne5 Nd4 12. Qf2 b4 13. Nd1 Bb7 14. c3 Nc6 15.
Nf3 dxe4 16. dxe4 Na5 17. Qe2 Qd7 18. Ne5 Qa4 19. Nf2 b3 20. a3 f6 21. Nf3 Rfd8
22. e5 f5 23. Be3 Bc6 24. Rfd1 Bb5 25. Qe1 Nc4 26. Rxd8+ Rxd8 27. Rb1 Rd7 28.
h3 Bc6 29. Qe2 Qb5 30. Re1 Bd5 31. Kh2 Rb7 32. Ra1 Nxa3 33. Qxb5 Nxb5 34. Rxa6
Nxc3 35. Nd2 Nb5 36. Ra8+ Kf7 37. Rc8 Nc7 38. Nd1 Na6 39. Ra8 Nc7 40. Rc8 Na6
41. Ra8 Nb4 42. Ra5 Nd3 43. Ra4 Rb4 44. Rxb4 Nxb4 45. Nb1 Be4 46. Nbc3 Bc2 47.
Kg3 Nd5 48. Bd2 Ke8 49. Ne3 Nb4 50. Ncd1 Nd3 51. Kf3 Kd7 52. g3 Kc6 0-1